| 000 | 00513nam a2200121Ia 4500 | ||
|---|---|---|---|
| 008 | 160712s9999 xx 000 0 und d | ||
| 100 | _aGuan, Yeoh Seng . | ||
| 245 |
_cYeoh Seng Guan _aJulius J. Bautista (2010). Figuring Catholicism: An ethnohistory of the Santo NiƱo de Cebu. Quezon City: Ateneo de Manila University. |
||
| 260 |
_c2011 _bSocial Science Diliman |
||
| 300 | _avol. 7 no. 2 | ||
| 650 | _xSOCIAL SCIENCE | ||
| 856 | _uhttp://journals.upd.edu.ph/index.php/socialsciencediliman/issue/view/309/showToc | ||
| 999 |
_c297658 _d297658 |
||